Detalles MARC
| 000 -CABECERA |
| campo de control de longitud fija |
01788cam a2200301 a 4500 |
| 001 - NÚMERO DE CONTROL |
| campo de control |
000012118 |
| 003 - IDENTIFICADOR DEL NÚMERO DE CONTROL |
| campo de control |
DO-SdBNP |
| 005 - FECHA Y HORA DE LA ÚLTIMA TRANSACCIÓN |
| campo de control |
20250703113204.0 |
| 008 - DATOS DE LONGITUD FIJA--INFORMACIÓN GENERAL |
| campo de control de longitud fija |
960410s1995 cl b 100 0 spa |
| 010 ## - NÚMERO DE CONTROL DE LA BIBLIOTECA DEL CONGRESO |
| Número de control de LC |
96136167 |
| 040 ## - FUENTE DE LA CATALOGACIÓN |
| Centro catalogador/agencia de origen |
DO-SdBNP |
| Lengua de catalogación |
spa |
| Centro/agencia transcriptor |
BNPHU |
| 082 #4 - NÚMERO DE LA CLASIFICACIÓN DECIMAL DEWEY |
| Número de clasificación |
379.7293 |
| Número de documento/Ítem |
C758p |
| 245 03 - MENCIÓN DE TÍTULO |
| Título |
La construccion de las politicas educativas en America Latina : |
| Resto del título |
educacion para la democracia y la modernidad critica en Bolivia, Chile, Mexico y el Peru / |
| Mención de responsabilidad, etc. |
Verónica Edwards y Jorge Osorio, organizadores ; Alfonso Camacho ... [et al.]. |
| 260 ## - PUBLICACIÓN, DISTRIBUCIÓN, ETC. |
| Lugar de publicación, distribución, etc. |
Santiago, Chile : |
| Nombre del editor, distribuidor, etc. |
CEAAL ; |
| Lugar de publicación, distribución, etc. |
Lima, Peru : |
| Nombre del editor, distribuidor, etc. |
Tarea, |
| Fecha de publicación, distribución, etc. |
[1995]. |
| 300 ## - DESCRIPCIÓN FÍSICA |
| Extensión |
177 p. ; |
| Dimensiones |
25 cm. |
| 500 ## - NOTA GENERAL |
| Nota general |
"El Consejo de Educacion de Adultos de America Latina (CEAAL) y el Programa Interdisciplinario de Investigaciones de Educacion (PIIE) organizaron en el mes de diciembre de 1994, en Santiago de Chile, el 'Seminario Internacional sobre Politicas Educativos. Los Casos de Bolivia, Chile, Mexico Y Peru"--P. 11. |
| 504 ## - NOTA DE BIBLIOGRAFÍA, ETC. |
| Nota de bibliografía, etc. |
Includes bibliographical references. |
| 650 #7 - PUNTO DE ACCESO ADICIONAL DE MATERIA--TÉRMINO DE MATERIA |
| Término de materia o nombre geográfico como elemento de entrada |
Educación y estado |
| Subdivisión geográfica |
América Latina |
| Subdivisión de forma |
Congresos , conferencias, etc. |
| 9 (RLIN) |
28638 |
| 650 #0 - PUNTO DE ACCESO ADICIONAL DE MATERIA--TÉRMINO DE MATERIA |
| Término de materia o nombre geográfico como elemento de entrada |
Educación |
| Subdivisión general |
Aspectos políticos |
| Subdivisión geográfica |
América Latina |
| Subdivisión de forma |
Congresos, conferencias, etc. |
| 9 (RLIN) |
28639 |
| 650 #0 - PUNTO DE ACCESO ADICIONAL DE MATERIA--TÉRMINO DE MATERIA |
| Término de materia o nombre geográfico como elemento de entrada |
Democracia y estado |
| Subdivisión geográfica |
América Latia |
| Subdivisión de forma |
Congresos, conferencias, etc. |
| 9 (RLIN) |
28640 |
| 700 1# - PUNTO DE ACCESO ADICIONAL--NOMBRE DE PERSONA |
| Nombre de persona |
Edwards, Veronica. |
| 9 (RLIN) |
28641 |
| 700 ## - PUNTO DE ACCESO ADICIONAL--NOMBRE DE PERSONA |
| Nombre de persona |
Osorio Vargas, Jorge. |
| 9 (RLIN) |
28642 |
| 700 1# - PUNTO DE ACCESO ADICIONAL--NOMBRE DE PERSONA |
| Nombre de persona |
Camacho, Alfonso. |
| 9 (RLIN) |
28643 |
| 710 2# - PUNTO DE ACCESO ADICIONAL--NOMBRE DE ENTIDAD CORPORATIVA |
| Nombre de entidad corporativa o nombre de jurisdicción como elemento de entrada |
Consejo de Educacion de Adultos de America Latina. |
| 9 (RLIN) |
28644 |
| 710 2# - PUNTO DE ACCESO ADICIONAL--NOMBRE DE ENTIDAD CORPORATIVA |
| Nombre de entidad corporativa o nombre de jurisdicción como elemento de entrada |
Programa Interdisciplinario de Investigaciones en Educacion (Academia de Humanismo Cristiano) |
| 9 (RLIN) |
28645 |
| 711 2# - PUNTO DE ACCESO ADICIONAL--NOMBRE DE REUNIÓN/CONGRESO |
| Nombre de congreso/reunión o jurisdicción como elemento de entrada |
Seminario Internacional sobre Politicas Educativas--los Casos de Bolivia, Chile, Mexico y Peru |
| Fecha del congreso/reunión |
(1994 : |
| Sede del congreso/Lugar de la reunión |
Santiago, Chile) |
| 9 (RLIN) |
28646 |
| 942 ## - ELEMENTOS DE PUNTO DE ACCESO ADICIONAL (KOHA) |
| Fuente del sistema de clasificación o colocación |
Dewey Decimal Classification |
| Tipo de ítem Koha |
Libro |